[Event "RSA-chT U20"]
[Site "Boksburg"]
[Date "2020.01.07"]
[Round "6.2"]
[White "Van der Lingen, Cornelis Petrus"]
[Black "Dinham, Megan"]
[Result "1-0"]
[WhiteElo "1850"]
[BlackElo "1300"]
[PlyCount "83"]
[EventDate "2020.01.04"]
[EventType "team-tourn"]
[EventRounds "7"]
[EventCountry "RSA"]
[SourceTitle "CBM 194 Extra"]
[Source "ChessBase"]
[SourceDate "2020.03.31"]
[SourceVersion "1"]
[SourceVersionDate "2020.03.31"]
[SourceQuality "1"]
[WhiteTeam "Johannesburg Metro U20"]
[BlackTeam "Ekurhuleni U20"]
[WhiteTeamCountry "RSA"]
[BlackTeamCountry "RSA"]

1. e4 c5 2. Nf3 d6 3. d4 cxd4 4. Nxd4 Nf6 5. Nc3 g6 6. Be3 Bg7 7. Be2 Nc6 8. Nb3 0-0 9. 0-0 Be6 10. f4 a6 11. Bf3 Rc8 12. Nd5 Bxd5 13. exd5 Nb8 14. Bd4 Nbd7 15. Qd2 Nc5 16. Rfe1 Re8 17. Qf2 Qc7 18. Nxc5 dxc5 19. Be5 Qb6 20. Rad1 Bf8 21. Rd3 Nd7 22. Bc3 Qd6 23. Bg4 Bg7 24. Bxg7 Kxg7 25. Qg3 Rcd8 26. c4 b5 27. Bxd7 Qxd7 28. b3 bxc4 29. bxc4 Qa4 30. Rc3 Qxa2 31. f5 Qd2 32. h3 Qd4+ 33. Kh2 Qf6 34. fxg6 hxg6 35. Rf3 Qb6 36. Qf2 f6 37. Re6 Qb8+ 38. g3 Rd6 39. Rfxf6 exf6 40. Qxf6+ Kh7 41. Qxg6+ Kh8 42. Rxe8+ 1-0

[Event "Africa-ch U18 Girls"]
[Site "Windhoek"]
[Date "2019.12.20"]
[Round "8.4"]
[White "Dinham, Megan"]
[Black "Mudodo, Refiloe Hazel"]
[Result "1/2-1/2"]
[WhiteElo "1259"]
[BlackElo "1545"]
[PlyCount "136"]
[EventDate "2019.12.16"]
[EventType "swiss"]
[EventRounds "9"]
[EventCountry "NAM"]
[SourceTitle "EXT 2024"]
[Source "ChessBase"]
[SourceDate "2023.10.10"]
[SourceVersion "1"]
[SourceVersionDate "2023.10.10"]
[SourceQuality "1"]

1. e4 e6 2. d4 d5 3. Nd2 dxe4 4. Nxe4 Bd7 5. Nf3 Bc6 6. Bd3 Nd7 7. 0-0 Ngf6 8. Ng3 Be7 9. c4 0-0 10. b3 Bxf3 11. Qxf3 c6 12. Bb2 Qc7 13. Rfe1 Rfe8 14. Rad1 Nf8 15. Rc1 Rad8 16. d5 Qd7 17. Red1 cxd5 18. cxd5 exd5 19. Nf5 Ng6 20. a3 Bd6 21. Nh6+ Kf8 22. Bxf6 gxf6 23. Qxf6 Be5 24. Qf5 Qxf5 25. Nxf5 Nf4 26. Bb5 Re6 27. a4 a6 28. Bf1 Rb6 29. g3 Ne6 30. Rd3 Bf6 31. Bg2 d4 32. Be4 Ng5 33. Bg2 Ne6 34. h4 Be5 35. Be4 Ng7 36. Nxg7 Kxg7 37. Kg2 Rb4 38. Rc5 Bf6 39. Rc7 b6 40. Bb7 a5 41. Ba6 Re8 42. Bb5 Re7 43. Rc6 Re6 44. Rc8 Re7 45. Bc4 Be5 46. Rc6 Rd7 47. Kf3 f6 48. Rc8 Rc7 49. Rxc7+ Bxc7 50. Rxd4 Be5 51. Rg4+ Kh6 52. Rg8 b5 53. Bxb5 Rxb3+ 54. Ke4 Rb2 55. f3 Bc3 56. g4 Rg2 57. Kf5 Rg3 58. g5+ Kh5 59. Ke4 Kxh4 60. Rh8 Rxg5 61. Rxh7+ Rh5 62. Rc7 Be5 63. Rc6 Kg3 64. Ra6 Bc3 65. Kd3 Rc5 66. Rc6 Rxc6 67. Bxc6 Bb4 68. Ke4 Kh4 1/2-1/2